U.S State Capitals Mixed Letter Quiz - Statistics

General Stats
  • This quiz has been taken 9 times
  • The average score is 9 of 36
Answer Stats
Hint Answer % Correct
Contains a Y Albany
83%
Contains 5 Letters Boise
50%
Contains C & K Bismarck
33%
Cheyenne
33%
Cheyenne
33%
Columbus
33%
Des Moines
33%
Dover
33%
Jefferson City
33%
Olympia
33%
Tallahassee
33%
Two of the same Letters Together Annapolis
17%
Ends with S Annapolis
17%
Carson City
17%
Contains Two C's Carson City
17%
Contains L & M Columbia
17%
Columbus
17%
Concord
17%
Harrisburg
17%
Indianapolis
17%
Jackson
17%
Jefferson City
17%
Contains Three Consecutive Vowels Juneau
17%
Little Rock
17%
Montgomery
17%
Montpelier
17%
Nashville
17%
Oklahoma City
17%
Oklahoma City
17%
Oklahoma City
17%
Olympia
17%
Pierre
17%
Salem
17%
Salem
17%
Salt Lake City
17%
Salt Lake City
17%
No matching quizzes found
Score Distribution
Percent of People with Each Score
Percentile by Number Answered
Your Score History
You have not taken this quiz